000
00254nam a22001097a 4500
999
_c
4322
_d
4322
008
250206b ||||| |||| 00| 0 eng d
020
_a
9781405232555
082
_a
823.92
100
_a
MORPURGO,MICHAEL
_e
AUTHOR
245
_a
THE BEST OF TIMES
942
_2
ddc